| 000 | 00472 a2200169 4500 | ||
|---|---|---|---|
| 003 | OSt | ||
| 005 | 20231125142802.0 | ||
| 008 | 231125b |||||||| |||| 00| 0 eng d | ||
| 020 | _a9781259029547 | ||
| 040 | _coclc | ||
| 082 |
_a005.73 _bBAL/D |
||
| 100 |
_aBalagurusamy, E _93962 |
||
| 245 |
_aData Structures Using C / _cE Balagurusamy |
||
| 260 |
_bMc graw hill , _c2023 |
||
| 300 | _a315p | ||
| 942 |
_2ddc _cBK _h005.73 _i005.73 _k005.73 _m005.73 |
||
| 999 |
_c43645 _d43645 |
||